| 000 | 00448nam a22001937a 4500 | ||
|---|---|---|---|
| 005 | 20210423062611.0 | ||
| 008 | 210219b1984 ||||| |||| 00| 0 eng d | ||
| 020 | _a0393018261 | ||
| 040 | _cDLC | ||
| 041 | _aeng | ||
| 080 |
_a94 _bB-96 |
||
| 100 |
_9993 _aBurke.John |
||
| 245 | _aRoman England | ||
| 260 |
_aNew York _bNorton _c1984 |
||
| 300 |
_a152 p.: _bill |
||
| 650 | 0 |
_9252 _aHistory |
|
| 653 | _aისტორია | ||
| 942 |
_2udc _cBK |
||
| 999 |
_c1563 _d1563 |
||